00490nam a2200193Ia 4500008004100000020001800041050001400059100002100073245002400094245002700118245005000145260001500195260001600210260000900226300001600235300002700251300001000278500000800288170918s9999 xx 000 0 und d a9780439928779 bB924 2007 aBuckley, Michael 4aThe sisters grimm : bthe unusual suspects / cMichael Buckley ; pictures by Peter Ferguson. aNew York : bScholastic, c2007 a290 pages : bcolored illustration ; c19cm. a840